Political corruption : (Record no. 3889)

MARC details
000 -LEADER
fixed length control field 00756cam a22002417a 4500
001 - CONTROL NUMBER
control field 12099293
003 - CONTROL NUMBER IDENTIFIER
control field OSt
005 - DATE AND TIME OF LATEST TRANSACTION
control field 20230704150532.0
008 - FIXED-LENGTH DATA ELEMENTS--GENERAL INFORMATION
fixed length control field 000707s1999 no a b 000 0 eng
010 ## - LIBRARY OF CONGRESS CONTROL NUMBER
LC control number 00391123
020 ## - INTERNATIONAL STANDARD BOOK NUMBER
International Standard Book Number 8290584407
040 ## - CATALOGING SOURCE
Original cataloging agency DLC
Transcribing agency DLC
082 ## - DEWEY DECIMAL CLASSIFICATION NUMBER
Classification number 364.1
Item number AMU
100 1# - MAIN ENTRY--PERSONAL NAME
Personal name Amundsen, Inge.
245 10 - TITLE STATEMENT
Title Political corruption :
Remainder of title an introduction to the issues /
Statement of responsibility, etc. Inge Amundsen.
260 ## - PUBLICATION, DISTRIBUTION, ETC. (IMPRINT)
Place of publication, distribution, etc. Bergen :
Name of publisher, distributor, etc. Chr. Michelsen Institute,
Date of publication, distribution, etc. c1999.
300 ## - PHYSICAL DESCRIPTION
Extent iv, 32 p. :
Other physical details ill. ;
Dimensions 30 cm.
490 0# - SERIES STATEMENT
Series statement Working paper,
International Standard Serial Number 0804-3639 ;
Volume/sequential designation WP 1999:7
504 ## - BIBLIOGRAPHY, ETC. NOTE
Bibliography, etc Includes bibliographical references (p. 30).
906 ## - LOCAL DATA ELEMENT F, LDF (RLIN)
a 7
b cbc
c orignew
d 4
e ncip
f 20
g y-gencatlg
942 ## - ADDED ENTRY ELEMENTS (KOHA)
Source of classification or shelving scheme Dewey Decimal Classification
Koha item type Books
Holdings
Withdrawn status Lost status Source of classification or shelving scheme Damaged status Not for loan Home library Current library Date acquired Total Checkouts Full call number Barcode Date last seen Price effective from Koha item type
    Dewey Decimal Classification     County Hall Archives County Hall Archives 07/04/2023   364.1 AMU 10009990 07/04/2023 07/04/2023 Books
    Dewey Decimal Classification     County Hall Archives County Hall Archives 07/04/2023   364.1 AMU 10009991 07/04/2023 07/04/2023 Books
    Dewey Decimal Classification     County Hall Archives County Hall Archives 07/04/2023   364.1 AMU 10011910 07/04/2023 07/04/2023 Books
LIBRARY OPENING HOURS

When the Parliament is sitting: 8.00a.m - 7.00p.m or until the house adjourns
Mondays and Fridays and when the House is on Recess:  8.00a.m - 5.00p.m
Closed on Weekends and Public Holidays

Online Public Access Catalog (OPAC)
Website: http://www.parliament.go.ke
Bunge Library: https://libraryir.parliament.go.ke
Contact: library@parliament.go.ke | Tel no: (254-2)2221291 or 2848000 Ext 5043